000 01074nac a22003497a 4500
001 BR2016003035
003 BR-BrBNA
005 20240105124035.0
008 230509b bl.|||m| |||| 00| 0 por d
040 _aBR-BrBNA
_bpor
_cBiblioteca Nacional de Agricultura
072 _aF08; D50; F30
090 _a1000 BR2016003035
100 1 _aOliveira, R.P. de
100 1 _aScivittaro, W.B.
100 1 _aSchroder, E.C.
100 1 _aEsswein, F.J.
110 1 _aEMBRAPA Clima Temperado, Pelotas, RS (Brasil)
245 1 _aProdução oegânica de citros no Rio Grande do Sul
260 3 _aPelotas, RS (Brasil):
_c2010.
300 _a295 p.
490 _aSistema de Produção - EMBRAPA Clima Temperado (Brazil)
_vno. 20
_xISSN 1676-7683
500 _a25 illus.; Bibliography p. 261-283
650 _aFRUTA CÍTRICA
650 _aPRODUÇÃO ORGÂNICA
650 _aLARANJA
650 _aLIMÃO
650 _aPOMELO
650 _aVARIEDADE
650 _aCERTIFICAÇÃO DE MUDA
909 _a202312
_bLúcia Elande
_c55
_dLúcia Elande
942 _2AGRIS
_n0
_cMS
999 _c298106
_d298106